The biblical doctrine of Heaven / (Record no. 4792)
[ view plain ]
| 000 -LEADER | |
|---|---|
| fixed length control field | 00529nam a2200181 a 4500 |
| 003 - CONTROL NUMBER IDENTIFIER | |
| control field | PILC |
| 005 - DATE AND TIME OF LATEST TRANSACTION | |
| control field | 20160306115216.0 |
| 008 - FIXED-LENGTH DATA ELEMENTS--GENERAL INFORMATION | |
| fixed length control field | 060726s1968 xx 00 eng d |
| 010 ## - LIBRARY OF CONGRESS CONTROL NUMBER | |
| LC control number | Acc#12777,19993 |
| 050 ## - LIBRARY OF CONGRESS CALL NUMBER | |
| Classification number | BT 846.2 |
| Item number | S68 1968 |
| 040 ## - CATALOGING SOURCE | |
| Transcribing agency | Philippine Baptist Theological Seminary |
| 100 10 - MAIN ENTRY--PERSONAL NAME | |
| Personal name | Smith, Wilbur M. |
| 245 10 - TITLE STATEMENT | |
| Title | The biblical doctrine of Heaven / |
| Statement of responsibility, etc. | by Wilbur M. Smith. |
| 260 0# - PUBLICATION, DISTRIBUTION, ETC (IMPRINT) | |
| Place of publication, distribution, etc. | Chicago, IL : |
| Name of publisher, distributor, etc. | Moody Press, |
| Date of publication, distribution, etc. | c1968. |
| 300 ## - PHYSICAL DESCRIPTION | |
| Extent | 317 p. ; 22 cm. |
| 650 ## - SUBJECT ADDED ENTRY--TOPICAL TERM | |
| Topical term or geographic name as entry element | HEAVEN |
| General subdivision | BIBLICAL TEACHING |
| 942 ## - ADDED ENTRY ELEMENTS (KOHA) | |
| Koha item type | Circulation Books |
| Source of classification or shelving scheme | Library of Congress Classification |
| Withdrawn status | Lost status | Source of classification or shelving scheme | Damaged status | Not for loan | Home library | Current library | Shelving location | Date acquired | Total Checkouts | Full call number | Barcode | Date last seen | Price effective from | Koha item type | Date last checked out | Source of acquisition |
|---|---|---|---|---|---|---|---|---|---|---|---|---|---|---|---|---|
| Dewey Decimal Classification | PBTS Library | PBTS Library | Circulation Section | 07/26/2006 | BT 846.2 S68 1968 | 12777 | 03/17/2026 | 04/02/2015 | Circulation Books | |||||||
| Dewey Decimal Classification | PBTS Library | PBTS Library | Circulation Section | 07/26/2006 | 1 | BT 846.2 S68 1968 | 19993 | 03/17/2026 | 04/02/2015 | Circulation Books | 12/23/2016 | |||||
| Library of Congress Classification | PBTS Library | PBTS Library | Circulation Section | 11/16/2023 | BT 846.2 S68 1968 3 | 47931 | 03/17/2026 | 11/16/2023 | Circulation Books | Gift |